| 000 | 00491nam a2200193 a 4500 | ||
|---|---|---|---|
| 001 | 1770212243832 | ||
| 003 | YourLibrary | ||
| 005 | 20260204191111.0 | ||
| 008 | 260204s1986##################000#0#eng## | ||
| 020 | _a9780714632636 | ||
| 082 | 0 | 4 |
_a305.896 _bBRO |
| 100 | 1 |
_aBrock, Colin, _eauthor. |
|
| 245 | 1 | 0 | _aThe Caribbean in Europe : |
| 260 |
_bPsychology Press, _c1986. |
||
| 300 | _a264 pages | ||
| 650 | 0 | _aHistory. | |
| 942 | _cENGLISH | ||
| 040 |
_aYourLibrary _beng _cYourLibrary |
||
| 999 |
_c610170 _d610170 |
||